Execuȯ̂ fiscal

Bibliographic Details
Main Author: Conrado, Paulo Cesar
Format: eBook
Language:Portuguese
Published: San Pablo: Editora Noeses, 2020
Subjects:
Online Access:Acceso restringido

MARC

LEADER 00000nam a22000007a 4500
005 20201118223328.0
007 cr|||| ||||
008 201118s2020 br |||||s|||| 00||0 por d
020 |a 978-65-990513-1-9 
035 |a 32287 
040 |a vLex 
090 |c 10900  |d 10900 
100 1 |a Conrado, Paulo Cesar 
245 1 0 |a Execuȯ̂ fiscal  |h [Recurso electrn̤ico] /  |c Paulo Cesar Conrado 
256 |a Servicio en ln̕ea 
260 |a San Pablo:  |b Editora Noeses,  |c 2020 
300 |a 1 recurso electrn̤ico 
506 1 |a Disponible solo en los productos indicados  |d vLex Global  |d vLex Global (Academic Edition, excluding Law Schools)  |d vLex Global (U.S. Academic Edition, Law Schools)  |d vLex Global (U.S. Academic Edition, excluding Law Schools)  |d vLex Global (Academic Edition, Law Schools) 
650 0 4 |a Derecho Fiscal  |z Brasil 
740 0 |a vLex Libros (Servicio en ln̕ea) 
856 4 0 |u http://vlex.com/source/execu-o-fiscal-32287  |z Acceso restringido 
942 |c BOOK 
999 0 |a Tax Law